000 00958nam a2200229Ia 4500
001 L235-7721
003 IT-CnALBA
008 170116s9999||||xx |||||||||||||| ||und||
040 _aIT-CnALBA
_cIT-CnALBA
041 _aITALIANO
100 _aLIPPERT PETER, CSSR.
245 0 _aANCILLA DOMINI. MEDITAZIONI PER IL MESE DI MAGGIO.
250 _a1a ed.
260 _a TORINO. ROMA
_bBORLA EDITORE
_c1963 [1° Ed.:1963]
300 _a82 p. (prefazione: 710)
500 _aPREDESTINAZIONE DI MARIA. SERVA DEL SIGNORE. DISCEPOLA DI GESÙ. MATERNITÀ SPIRITUALE. DONNA. VERGINE E MADRE. PIENA DI GRAZIA.
501 _aSocietà San Paolo EM - Piazza San Paolo, 14 - 12051 ALBA (CN) (non commercial uses only) ® Copyright 2017
520 _aPREDESTINAZIONE DI MARIA. SERVA DEL SIGNORE. DISCEPOLA DI GESÙ. MATERNITÀ SPIRITUALE. DONNA. VERGINE E MADRE. PIENA DI GRAZIA.
650 _aMARIA SS. ANGELI SANTI DEMONI
942 _cBK
957 _71
999 _a8697
_bNO
_g Copie: 1
_c266903
_d266903